[Event "Norm Congress-IM 2018"]
[Site "Saint Louis"]
[Date "2018.02.09"]
[Round "2"]
[White "Torres Rosas, Luis Carlos"]
[Black "Zhou, Qiyu"]
[Result "1/2-1/2"]
[WhiteElo "2370"]
[BlackElo "2230"]
[Annotator "NA"]
[PlyCount "46"]
[EventDate "2018.??.??"]
[EventType "schev"]
[EventCountry "USA"]
[SourceTitle "playchess.com"]
[Source "ChessBase"]
[SourceQuality "1"]
[TimeControl "5400+30"]

1. d4 {[%emt 0:00:00]} Nf6 {[%emt 0:00:05]} 2. c4 {[%emt 0:00:00]} e6 {[%emt 0:00:03]} 3. Nc3 {[%emt 0:00:03]} Bb4 {[%emt 0:00:12]} 4. Qc2 {[%emt 0:00:09]} O-O {[%emt 0:00:49]} 5. a3 {[%emt 0:00:58]} Bxc3+ {[%emt 0:00:25]} 6. Qxc3 {[%emt 0:00:05]} b6 {[%emt 0:01:19]} 7. Bg5 {[%emt 0:04:43]} Bb7 {[%emt 0:00:54]} 8. Nf3 {[%emt 0:00:55]} d6 {[%emt 0:01:00]} 9. e3 {[%emt 0:01:23]} Nbd7 {[%emt 0:02:22]} 10. Be2 {[%emt 0:08:35]} Rc8 {[%emt 0:03:26]} 11. Bh4 {[%emt 0:02:48]} c5 {[%emt 0:08:44]} 12. O-O {[%emt 0:04:08]} Qc7 {[%emt 0:10:36]} 13. Rfd1 {[%emt 0:08:45]} d5 {[%emt 0:09:49]} 14. Rac1 {[%emt 0:28:24]} Ne4 {[%emt 0:11:02]} 15. Qe1 {[%emt 0:01:19]} Qb8 {[%emt 0:02:36]} 16. cxd5 {[%emt 0:03:34]} Bxd5 {[%emt 0:07:38]} 17. Ba6 {[%emt 0:01:19]} Rc7 {[%emt 0:02:09]} 18. Qe2 {[%emt 0:04:47]} Ndf6 {[%emt 0:10:39]} 19. dxc5 {[%emt 0:08:45]} Rxc5 {[%emt 0:00:36]} 20. Nd4 {[%emt 0:01:25]} Qc7 {[%emt 0:11:13]} 21. Nb5 {[%emt 0:08:23]} Qc6 {[%emt 0:01:54]} 22. Nd4 {[%emt 0:01:54]} Qc7 {[%emt 0:00:57]} 23. Nb5 {[%emt 0:07:13]} Qc6 {[%emt 0:00:06]} 1/2-1/2

[Event "Norm Congress-IM 2018"]
[Site "Saint Louis"]
[Date "2018.02.09"]
[Round "2"]
[White "Stearman, Josiah"]
[Black "Wang, Justin"]
[Result "0-1"]
[WhiteElo "2335"]
[BlackElo "2368"]
[Annotator "NA"]
[PlyCount "190"]
[EventDate "2018.??.??"]
[EventType "schev"]
[EventCountry "USA"]
[SourceTitle "playchess.com"]
[Source "ChessBase"]
[SourceQuality "1"]
[TimeControl "5400+30"]

1. e4 {[%emt 0:00:00]} e5 {[%emt 0:00:38]} 2. Nf3 {[%emt 0:00:00]} Nc6 {[%emt 0:00:43]} 3. Bc4 {[%emt 0:00:00]} Nf6 {[%emt 0:00:24]} 4. d3 {[%emt 0:00:13]} Be7 {[%emt 0:00:27]} 5. O-O {[%emt 0:00:07]} O-O {[%emt 0:00:15]} 6. Re1 {[%emt 0:01:41]} d6 {[%emt 0:01:04]} 7. a4 {[%emt 0:02:59]} Na5 {[%emt 0:00:47]} 8. Ba2 {[%emt 0:00:20]} c5 {[%emt 0:00:02]} 9. Nbd2 {[%emt 0:03:00]} Be6 {[%emt 0:02:06]} 10. Bc4 {[%emt 0:03:42]} Qd7 {[%emt 0:04:59]} 11. Qe2 {[%emt 0:01:27]} Nc6 {[%emt 0:05:46]} 12. c3 {[%emt 0:02:07]} Rae8 {[%emt 0:02:27]} 13. Nf1 {[%emt 0:02:29]} a6 {[%emt 0:07:34]} 14. Ne3 {[%emt 0:25:36]} d5 {[%emt 0:04:36]} 15. Ba2 {[%emt 0:01:51]} h6 {[%emt 0:10:36]} 16. Qc2 {[%emt 0:02:42]} Rd8 {[%emt 0:08:41]} 17. Bd2 {[%emt 0:09:45]} dxe4 {[%emt 0:11:35]} 18. dxe4 {[%emt 0:03:05]} Bxa2 {[%emt 0:00:42]} 19. Rxa2 {[%emt 0:00:09]} Qd3 {[%emt 0:02:22]} 20. Qxd3 {[%emt 0:01:14]} Rxd3 {[%emt 0:01:55]} 21. Nc4 {[%emt 0:03:53]} Rfd8 {[%emt 0:04:53]} 22. a5 {[%emt 0:01:46]} Bd6 {[%emt 0:05:30]} 23. Re2 {[%emt 0:03:30]} Bc7 {[%emt 0:00:52]} 24. b3 {[%emt 0:00:25]} Ne8 {[%emt 0:02:01]} 25. h3 {[%emt 0:07:50]} f6 {[%emt 0:01:42]} 26. Ne1 {[%emt 0:02:01]} R3d7 {[%emt 0:00:28]} 27. Be3 {[%emt 0:00:22]} Nd6 {[%emt 0:05:41]} 28. Nxd6 {[%emt 0:00:09]} Bxd6 {[%emt 0:00:12]} 29. Nd3 {[%emt 0:00:09]} c4 {[%emt 0:04:27]} 30. bxc4 {[%emt 0:00:11]} Be7 {[%emt 0:00:27]} 31. Nb2 {[%emt 0:00:26]} Rc8 {[%emt 0:01:59]} 32. Na4 {[%emt 0:04:26]} Bd8 {[%emt 0:00:22]} 33. Nb6 {[%emt 0:01:08]} Bxb6 {[%emt 0:00:17]} 34. axb6 {[%emt 0:00:07]} Nb8 {[%emt 0:01:56]} 35. Red2 {[%emt 0:02:07]} Kf7 {[%emt 0:00:28]} 36. c5 {[%emt 0:05:28]} Rcd8 {[%emt 0:01:16]} 37. Rdb2 {[%emt 0:00:24]} Rd1+ {[%emt 0:01:33]} 38. Kh2 {[%emt 0:00:02]} Ke6 {[%emt 0:00:37]} 39. g3 {[%emt 0:00:41]} R1d3 {[%emt 0:00:35]} 40. Rc2 {[%emt 0:00:38]} Kd7 {[%emt 0:00:09]} 41. h4 {[%emt 0:00:41]} h5 {[%emt 0:00:26]} 42. Kg2 {[%emt 0:00:22]} Kc6 {[%emt 0:00:32]} 43. Kf3 {[%emt 0:00:27]} Nd7 {[%emt 0:00:21]} 44. Ra5 {[%emt 0:00:03]} Nf8 {[%emt 0:00:30]} 45. Ke2 {[%emt 0:00:19]} Ne6 {[%emt 0:00:28]} 46. f4 {[%emt 0:01:08]} R3d7 {[%emt 0:02:28]} 47. Kf3 {[%emt 0:01:00]} Rd3 {[%emt 0:00:35]} 48. Ke2 {[%emt 0:00:29]} R3d7 {[%emt 0:00:01]} 49. f5 {[%emt 0:00:48]} Nd4+ {[%emt 0:00:43]} 50. cxd4 {[%emt 0:03:31]} exd4 {[%emt 0:00:02]} 51. Rc1 {[%emt 0:02:48]} dxe3 {[%emt 0:00:06]} 52. Ra3 {[%emt 0:00:10]} Rd2+ {[%emt 0:01:26]} 53. Kxe3 {[%emt 0:00:01]} Rg2 {[%emt 0:00:09]} 54. Kf4 {[%emt 0:01:14]} Rdd2 {[%emt 0:00:22]} 55. Rf3 {[%emt 0:01:14]} Rge2 {[%emt 0:01:41]} 56. Rc4 {[%emt 0:01:28]} Kb5 {[%emt 0:01:57]} 57. Rcc3 {[%emt 0:00:01]} Rd4 {[%emt 0:00:43]} 58. Rfe3 {[%emt 0:00:34]} Rf2+ {[%emt 0:00:09]} 59. Rf3 {[%emt 0:00:01]} Rxf3+ {[%emt 0:00:17]} 60. Kxf3 {[%emt 0:00:12]} Kc6 {[%emt 0:00:04]} 61. g4 {[%emt 0:01:39]} hxg4+ {[%emt 0:01:23]} 62. Kf4 {[%emt 0:00:07]} a5 {[%emt 0:00:12]} 63. h5 {[%emt 0:00:21]} a4 {[%emt 0:00:37]} 64. Rg3 {[%emt 0:00:45]} Kxc5 {[%emt 0:00:44]} 65. Rxg4 {[%emt 0:00:14]} Rd7 {[%emt 0:00:31]} 66. Ke3 {[%emt 0:01:35]} Kb5 {[%emt 0:00:11]} 67. Rg1 {[%emt 0:00:32]} Kxb6 {[%emt 0:00:09]} 68. h6 {[%emt 0:00:42]} gxh6 {[%emt 0:00:10]} 69. Rg6 {[%emt 0:00:01]} Rf7 {[%emt 0:03:53]} 70. e5 {[%emt 0:00:05]} Kc7 {[%emt 0:00:36]} 71. e6 {[%emt 0:00:04]} Rf8 {[%emt 0:00:13]} 72. Rxh6 {[%emt 0:00:08]} a3 {[%emt 0:00:09]} 73. Rh7+ {[%emt 0:00:29]} Kc6 {[%emt 0:00:13]} 74. Rh2 {[%emt 0:01:57]} b5 {[%emt 0:01:24]} 75. Kd4 {[%emt 0:01:10]} Ra8 {[%emt 0:00:18]} 76. Ra2 {[%emt 0:00:04]} Kd6 {[%emt 0:00:29]} 77. Kc3 {[%emt 0:02:42]} Ke5 {[%emt 0:00:24]} 78. Kb4 {[%emt 0:00:01]} Kxf5 {[%emt 0:00:16]} 79. e7 {[%emt 0:00:07]} Re8 {[%emt 0:00:41]} 80. Rxa3 {[%emt 0:00:19]} Rxe7 {[%emt 0:00:01]} 81. Rf3+ {[%emt 0:00:10]} Kg5 {[%emt 0:00:05]} 82. Rg3+ {[%emt 0:01:04]} Kf4 {[%emt 0:00:01]} 83. Rg1 Re5 {[%emt 0:00:12]} 84. Rf1+ {[%emt 0:00:42]} Kg5 {[%emt 0:00:01]} 85. Rg1+ {[%emt 0:00:11]} Kf5 {[%emt 0:00:02]} 86. Rf1+ {[%emt 0:00:14]} Ke6 {[%emt 0:00:07]} 87. Rg1 {[%emt 0:00:08]} Rd5 {[%emt 0:00:08]} 88. Re1+ {[%emt 0:00:04]} Kf7 {[%emt 0:00:03]} 89. Rf1 {[%emt 0:00:33]} f5 {[%emt 0:00:05]} 90. Rf2 {[%emt 0:00:08]} Kf6 {[%emt 0:00:03]} 91. Rf1 {[%emt 0:00:06]} Kg5 {[%emt 0:00:08]} 92. Rg1+ {[%emt 0:00:08]} Kf4 {[%emt 0:00:01]} 93. Rf1+ {[%emt 0:00:05]} Kg3 {[%emt 0:00:06]} 94. Rg1+ {[%emt 0:00:05]} Kf2 {[%emt 0:00:19]} 95. Rg5 {[%emt 0:00:11]} Ke3 {[%emt 0:00:07]} 0-1

[Event "Norm Congress-IM 2018"]
[Site "Saint Louis"]
[Date "2018.02.09"]
[Round "3"]
[White "Wang, Justin"]
[Black "Grabinsky, Aaron"]
[Result "0-1"]
[WhiteElo "2368"]
[BlackElo "2388"]
[Annotator "TA"]
[PlyCount "66"]
[EventDate "2018.??.??"]
[EventType "schev"]
[EventCountry "USA"]
[SourceTitle "playchess.com"]
[Source "ChessBase"]
[SourceQuality "1"]

{[%evp 17,66,5,22,-20,-8,-12,-21,-33,-2,-29,-54,-29,6,-12,-7,-12,0,-111,-111,-87,-100,-145,-135,-216,-184,-214,-208,-214,-200,-625,-626,-623,-562,-660,-639,-631,-543,-1410,-1250,-1137,-1137,-29982,-29983,-29984,-808,-29979,-29980,-29996,-29997,-29998,-29999]} 1. e4 e6 2. d4 d5 3. Nd2 c5 4. exd5 Qxd5 5. dxc5 Bxc5 6. Ngf3 Nf6 7. Bc4 Qc6 {C07: French Tarrasch: 3...c5, 4 Ngf3 and 4 exd5 Qxd5} 8. Qe2 O-O 9. O-O (9. Nb3 Nbd7 10. Bf4 Bd6 11. Nbd4 Qb6 12. Bxd6 Qxd6 13. O-O-O Qf4+ 14. Kb1 Nb6 15. Bb3 {0-1 (28) Naiditsch,A (2705)-Le,Q (2737) Riadh 2017}) 9... Nbd7 {LiveBook: 35 Games. The position is equal.} 10. Bd3 b6 11. a3 $146 ({Find the theoretical novelty and annotate with similar games:} 11. Ne4 Bb7 12. Nxf6+ Nxf6 13. Bg5 h6 14. Bxf6 gxf6 15. Rfe1 {0-1 (51) Obodchuk,A (2372)-Batchuluun,T (2513) Tromsoe 2014}) 11... Bb7 12. Rd1 a5 13. Nc4 {[#]} e5 $1 {[%mdl 512] Hoping for ...e4.} 14. Bf5 (14. Ncxe5 Nxe5) 14... e4 15. Nfe5 Nxe5 16. Nxe5 Qc7 17. Bf4 (17. Nd7 $11 Nxd7 18. Rxd7) 17... Rfd8 $17 18. Bg3 {[#]} Qe7 $1 19. Rxd8+ Rxd8 20. Rd1 (20. Ng4 $17 {might work better.} Nxg4 21. Bxg4) 20... Rxd1+ $19 21. Qxd1 {[#]} g6 $1 {[%cal Rg6f5]} 22. Bh3 e3 $40 {[%cal Be4e3,Be3f2][%mdl 160] Black wants a kill.} 23. Ng4 $2 (23. Nd3) 23... Nxg4 24. Bxg4 h5 {[%cal Bh7h5,Bh5h4][%mdl 32]} 25. Bf3 Bxf3 26. gxf3 h4 27. Bf4 exf2+ 28. Kf1 g5 29. Bd2 Qd7 30. Qc1 Qd5 (30... Qh3+ $142 31. Ke2 g4 32. Bg5 gxf3+ 33. Kd2 f1=Q 34. Qxf1 Qxf1 35. Bd8 Qe2+ 36. Kc3 f2 37. b4 Qf3+ 38. Kb2 Bd4+ 39. Ka2 Qc3 40. bxa5 Qxc2#) 31. Be3 Qxf3 {Black mates.} 32. Bxg5 h3 33. Bf4 Qg2+ {Precision: White = 13%, Black = 80%.} 0-1

[Event "Norm Congress-IM 2018"]
[Site "Saint Louis"]
[Date "2018.02.09"]
[Round "3"]
[White "Jacobson, Brandon"]
[Black "Banawa, Joel"]
[Result "0-1"]
[WhiteElo "2351"]
[BlackElo "2401"]
[Annotator "TA"]
[PlyCount "156"]
[EventDate "2018.??.??"]
[EventType "schev"]
[EventCountry "USA"]
[SourceTitle "playchess.com"]
[Source "ChessBase"]
[SourceQuality "1"]

{[%evp 13,156,33,23,10,29,26,47,20,56,9,18,9,12,11,25,18,25,20,30,5,7,7,35,35,33,47,37,45,53,51,41,26,25,34,33,7,12,0,18,6,26,0,15,15,16,15,15,15,15,-22,-31,-7,-10,-27,0,-28,-19,-29,-22,-22,-14,-92,-4,-31,-54,-75,-37,-38,-25,-24,-23,-23,-23,-20,-20,-31,-21,-31,-14,-25,-8,-60,-57,-112,-119,-164,-102,-197,-183,-186,-127,-162,-144,-297,-263,-256,-256,-220,-256,-256,-256,-242,-179,-278,-278,-268,-251,-919,-156,-609,-527,-29980,-527,-591,-574,-541,-510,-541,-514,-469,-454,-447,0,-447,-447,-431,-431,-412,-403,-372,-372,-29980,-29982,-29992,-29985,-29985,-29981,-29981,-29982,-29995,-29996,-29996,-29997,-29997,-29998]} 1. d4 Nf6 2. Nf3 d5 3. c4 e6 4. g3 dxc4 5. Bg2 Bb4+ 6. Bd2 c5 {E04: Open Catalan: 5 Nf3} (6... a5 7. Qc2 Bxd2+ 8. Qxd2 c6 9. a4 Ne4 10. Qf4 Qb6 11. O-O Qxb2 12. Na3 Nc3 13. Kh1 O-O 14. Nxc4 Qxe2 {½-½ (69) Cheparinov,I (2710)-Wang,H (2709) Riadh 2017}) 7. Bxb4 cxb4 {LiveBook: 55 Games} 8. a3 O-O {The position is equal.} 9. axb4 $146 ({Find the theoretical novelty and annotate with similar games:} 9. O-O Nc6 10. axb4 Nxb4 11. Ne5 a5 12. Nxc4 Ra7 13. Nc3 b6 14. Qd2 Ba6 15. Ne5 Rc7 16. Rfd1 Qe7 17. Rac1 Rfc8 18. e4 Ne8 19. Bf1 Bxf1 20. Kxf1 Nd6 {½-½ (20) Le Marec,S (2211)-Lalic,B (2438) Liffre 2017}) 9... Qb6 10. Na3 Bd7 11. Ne5 Bc6 12. O-O Bxg2 13. Kxg2 Nc6 14. Naxc4 Qxb4 15. Qd3 Qb5 16. Rfc1 Qd5+ 17. f3 Rfd8 18. Nxc6 Qxc6 19. e4 Qb5 20. Ra5 Qb4 {next ...Rac8 is good for Black.} 21. Qc3 Qe7 22. Rca1 a6 23. Nb6 Rab8 24. e5 Nd7 25. Nc4 Rdc8 26. Qb3 Qg5 27. Qd3 Rc6 28. Nd6 Nb6 {[%cal Bd7b6,Bb6c8,Bc8e7][%mdl 32]} 29. f4 Qd8 30. Rc5 Nc8 31. Ne4 Rxc5 32. Nxc5 Ne7 33. Rc1 Nf5 34. d5 Qxd5+ 35. Qxd5 Ne3+ 36. Kf3 Nxd5 $11 {[%mdl 4096] Endgame KRN-KRN} 37. Rd1 (37. Nxb7 $11 g5 38. Nd6) 37... g6 (37... b6 $1 $17 {[%cal Rb6c5]} 38. Nb3 Rc8) 38. g4 Rc8 39. Nxb7 Rc2 40. f5 $1 Rxb2 41. fxe6 Rb3+ 42. Kf2 {Strongly threatening exf7+.} fxe6 43. Nc5 Rb2+ 44. Kg3 Kf7 45. Nxa6 Rb3+ 46. Kf2 Rh3 47. Kg1 (47. Nc7 $11) 47... Re3 $15 48. Nc7 ({Better is} 48. Nc5 $15) 48... Rxe5 $17 49. Nb5 {[#]} Ke7 (49... Kf6 $1 $19 {White must now prevent ...Ne3.} 50. Rd4 Re1+ 51. Kf2 Rh1) 50. Nd4 (50. Ra1 $17) 50... Re4 $19 51. h3 Re3 (51... Nf4 $19 {aiming for ...Rxd4!} 52. Nc6+ Kf6) 52. Ra1 Rxh3 {...Rg3+ is the strong threat.} 53. g5 $2 (53. Kf2 $17) 53... e5 54. Ra7+ Kd6 55. Ra6+ Kc5 56. Ne6+ Kb5 57. Ra7 Nf4 58. Nf8 (58. Nxf4 {was called for.} exf4 59. Kf2) 58... e4 59. Re7 e3 60. Nxh7 $2 (60. Ne6 Ne2+ 61. Kg2 Rg3+ 62. Kf1) 60... e2 $2 (60... Rg3+ $19 {is more deadly.} 61. Kh1 e2) 61. Nf6 $2 (61. Nf8 $17) 61... Rf3 62. Kh2 Rf1 (62... Kc4 $142 63. Nd7 Kd4 64. Nb8 Rh3+ 65. Kg1 Re3 66. Nc6+ Kd3 67. Ne5+ Kc3 68. Rc7+ Kd4 69. Nc6+ Kc4 70. Na5+ Kb5 71. Rc1 e1=Q+ 72. Rxe1 Rxe1+ 73. Kf2 Nd3+ 74. Kg2 Kxa5 75. Kh2 Kb5 76. Kg2 Kc4 77. Kh2 Kd4 78. Kg2 Ke3 79. Kg3 Re2 80. Kg4 Kf2 81. Kh3 Re4 82. Kh2 Rh4#) 63. Kg3 Kc4 64. Rc7+ Kd3 65. Rd7+ Kc2 66. Re7 Kd2 67. Ne4+ Kc2 68. Nf6 Kd1 69. Rd7+ Ke1 70. Ne4 {[#]} Nh5+ $1 71. Kg2 Rf4 72. Nc3 $2 (72. Rd4 $19 Rf5 73. Rd6) 72... Rg4+ {Black mates.} 73. Kh2 Kf1 {[%cal Rg4h4]} 74. Rf7+ Rf4 75. Rxf4+ Nxf4 76. Ne4 e1=Q {[%cal Re1h4]} 77. Ng3+ Kf2 {[%csl Gf2][%cal Re1g1]} 78. Ne4+ Kf3 {Precision: White = 36%, Black = 52%.} 0-1

[Event "Norm Congress-IM 2018"]
[Site "Saint Louis"]
[Date "2018.02.09"]
[Round "3"]
[White "Zhou, Qiyu"]
[Black "Stearman, Josiah"]
[Result "0-1"]
[WhiteElo "2230"]
[BlackElo "2335"]
[Annotator "TA"]
[PlyCount "88"]
[EventDate "2018.??.??"]
[EventType "schev"]
[EventCountry "USA"]
[SourceTitle "playchess.com"]
[Source "ChessBase"]
[SourceQuality "1"]

{[%evp 26,88,6,0,0,0,0,0,0,0,15,13,24,24,29,0,26,36,35,30,59,31,17,0,49,16,34,0,29,24,37,53,39,29,81,0,0,0,0,-2,-14,-47,-78,-112,-15,-22,-15,-22,-22,-25,-21,-31,0,-31,0,0,0,-127,-112,-71,-101,-29985,-29985,-29985,-29986]} 1. e4 c5 2. Nf3 Nc6 3. d4 cxd4 4. Nxd4 Nf6 5. Nc3 e5 6. Ndb5 {[%cal Bd4b5,Bb5a3,Ba3c2,Bc2e3,Be3d5][%mdl 32]} d6 7. Bg5 a6 8. Na3 b5 9. Nd5 Be7 10. Bxf6 Bxf6 11. c3 Ne7 12. Nc2 Nxd5 13. Qxd5 Rb8 14. Ne3 {LiveBook: 5 Games} Bg5 {B33: Sicilian: Pelikan and Sveshnikov Variations} (14... O-O 15. Be2 Be6 16. Qd3 Bg5 17. O-O Bxe3 18. Qxe3 Qc7 19. Rfd1 Rfd8 20. Rd2 a5 21. a3 b4 22. axb4 axb4 {0-1 (57) Terzic,S (2295)-Vukic,M (2504) Zenica 2006}) 15. Qd3 O-O 16. Be2 {[%cal Bf1e2,Be2f3,Bf3e4][%mdl 32]} Qb6 {The position is equal.} 17. Nd5 Qc5 18. O-O $146 ({Find the theoretical novelty and annotate with similar games:} 18. Qg3 h6 19. b4 Qa7 20. a4 bxa4 21. Rxa4 f5 22. exf5 Rxf5 {1-0 (31) Barglowski,F (2206)-Zozulia,A (2339) Polanica Zdroj 2001}) 18... f5 19. Bf3 Kh8 20. Rad1 Be6 21. exf5 Bxf5 22. Be4 Bg4 23. Rde1 Be6 24. Rd1 Rbd8 (24... Bg4 $5 {[%cal Rg4d1]}) 25. Qg3 Bh6 26. b3 Bf5 27. Qd3 Bxe4 28. Qxe4 Rf7 29. Rde1 Bd2 {[#]} (29... g6 $11 {remains equal.}) 30. Re2 (30. b4 $1 $16 {[%cal Rb4c5]} Qa7 31. Re2) 30... Bxc3 $11 31. Rc1 b4 32. Nxc3 bxc3 33. Re3 Rdf8 34. f3 {[#]} Rf4 ({Black should play} 34... d5 $1 $17 {[%cal Rd5e4]} 35. Qxe5 Qa7) 35. Qd3 {[#]} e4 $1 {[%mdl 512]} 36. Qxc3 (36. fxe4 c2) 36... Qa7 {Hoping for ...exf3.} 37. Kh1 d5 $36 {[%mdl 2048] Black is pushing.} 38. Rd1 Qb7 39. Kg1 Qb6 40. Qd4 Qg6 {[%cal Re4f3]} 41. Qxd5 (41. fxe4 $11 {keeps the balance.} Rxe4 42. Rxe4 dxe4 43. h3) 41... exf3 $17 {[%csl Gf3][%cal Rg6g2,Be4f3,Bf3f2][%mdl 32]} 42. g3 R4f5 43. Qd6 $2 {[%mdl 8192]} (43. Qe4 $17) 43... f2+ 44. Kf1 Qg4 {Precision: White = 39%, Black = 52%.} 0-1

[Event "Norm Congress-IM 2018"]
[Site "Saint Louis"]
[Date "2018.02.09"]
[Round "3"]
[White "Turgut, Tansel"]
[Black "Matsenko, Sergei"]
[Result "1/2-1/2"]
[WhiteElo "2224"]
[BlackElo "2561"]
[Annotator "TA"]
[PlyCount "118"]
[EventDate "2018.??.??"]
[EventType "schev"]
[EventCountry "USA"]
[SourceTitle "playchess.com"]
[Source "ChessBase"]
[SourceQuality "1"]

{[%evp 16,118,31,30,34,23,29,29,45,22,15,15,33,6,18,18,13,16,20,0,12,-10,-10,-10,0,0,0,0,0,0,7,7,10,8,14,7,12,-4,0,0,0,-16,-25,-26,-8,-8,-8,-8,-8,-8,-8,-8,-8,-8,-8,-8,0,0,0,0,0,0,0,0,29953,29950,29953,29954,29953,29954,29962,29961,29957,29959,29948,0,0,0,0,0,0,0,0,0,0,0,0,0,0,0,0,0,0,0,0,0,0,0,0,0,0,0,0,0,0]} 1. d4 Nf6 2. Nf3 e6 3. Bf4 c5 4. e3 b6 5. c3 Be7 6. h3 O-O {A47: 1 d4 Nf6 2 Nf3 b6: Torre, London and Colle Systems} 7. Nbd2 cxd4 8. cxd4 (8. exd4 Bb7 9. Bd3 d6 10. O-O Nbd7 11. Qe2 a6 12. a4 Re8 13. Bh2 h6 14. Rfe1 Bf8 15. Nc4 Qc7 16. Ne3 Nd5 17. Nxd5 Bxd5 18. Bxa6 Bxf3 19. gxf3 {1-0 (34) Carlsen,M (2837)-Akobian,V (2647) Riadh 2017}) 8... Bb7 9. Bd3 {LiveBook: 21 Games} d5 10. Rc1 Nc6 11. a3 Bd6 $146 ({Find the theoretical novelty and annotate with similar games:} 11... Nh5 12. Bh2 g6 13. g4 Ng7 14. Bg3 {0-1 (32) Mahler,S-Helbig,C (1878) Hoeckendorf 2004}) 12. Bxd6 Qxd6 13. O-O Rac8 14. Qe2 Rc7 15. Rc2 Rfc8 16. Rfc1 g6 17. Bb5 Kg7 18. Bxc6 Bxc6 19. Rc3 Ne4 20. Nxe4 dxe4 21. Nd2 {[%cal Bf3d2,Bd2b1,Bb1c3][%mdl 32]} Bd5 {Black wants to play ...Rxc3.} 22. Nb1 Ba2 23. Rxc7 Rxc7 24. Rxc7 Qxc7 25. Nc3 Bc4 26. Qg4 Bd3 27. h4 h6 28. Qf4 Qxf4 29. exf4 $11 {[%mdl 4096] Endgame KB-KN} g5 30. fxg5 hxg5 31. hxg5 Kg6 32. d5 exd5 33. Nxd5 Kxg5 34. f3 Kf5 35. Kf2 Ke5 36. Nb4 Bb5 37. Ke3 $1 exf3 38. gxf3 a5 39. Na2 Kd5 $2 {[%mdl 8192]} (39... Bd7 $11) 40. Nc3+ Kc4 41. Nxb5 Kxb5 {[#] K3P-K3P} 42. Kd4 $1 Ka4 43. Kc4 f6 44. f4 f5 45. Kd5 $2 (45. Kc3 {NOTEXT} b5 46. Kd4 b4 47. Kc4 b3 48. Kc3 Kb5 49. Kxb3 a4+ 50. Kc3) 45... Kb3 {The position is equal.} 46. Ke5 a4 47. Kxf5 Kxb2 {[#] Strongly threatening ...b5.} 48. Ke4 {aiming for f5.} Kxa3 {KPP-KP} 49. f5 {Intending f6 and mate.} Kb3 50. f6 {f7 would kill now.} a3 {Hoping for ...a2.} 51. f7 a2 52. f8=Q {Threatening mate with Qg7.} a1=Q {Threatens to win with ...Qe1+. KQ-KQ} 53. Qf7+ Kb4 {And now ...Qc3 would win.} 54. Qe7+ Kb5 55. Qd7+ Ka6 56. Qc8+ Kb5 57. Qd7+ Kb4 58. Qe7+ Kc4 {( -> ...Qe1+)} 59. Qc7+ $1 Kb5 {Precision: White = 68%, Black = 54%.} 1/2-1/2

[Event "Norm Congress-IM 2018"]
[Site "Saint Louis"]
[Date "2018.02.09"]
[Round "3"]
[White "Colas, Joshua"]
[Black "Torres Rosas, Luis Carlos"]
[Result "0-1"]
[WhiteElo "2207"]
[BlackElo "2370"]
[Annotator "TA"]
[PlyCount "90"]
[EventDate "2018.??.??"]
[EventType "schev"]
[EventCountry "USA"]
[SourceTitle "playchess.com"]
[Source "ChessBase"]
[SourceQuality "1"]

{[%evp 28,90,122,24,52,51,62,30,22,25,28,20,26,0,0,0,42,33,27,-12,31,-98,-98,-77,-10,0,0,-78,-72,-75,-70,-174,-161,-179,-181,-168,-165,-152,-62,-59,-49,-132,-113,-112,-122,-137,-115,-313,-291,-336,-318,-371,-331,-544,-535,-997,-914,-1209,-1198,-1060,-607,-1672,-1659,-2643,-2533]} 1. d4 Nf6 2. c4 g6 3. Nc3 Bg7 4. Nf3 O-O 5. g3 d6 6. Bg2 Nc6 7. O-O a6 8. d5 Na5 9. Nd2 c5 10. Qc2 Rb8 11. b3 b5 12. Bb2 bxc4 13. bxc4 e5 14. Rab1 h5 {E66: Königsindisch (Jugoslawische Variante)} (14... Bh6 15. e3 Bf5 16. Nce4 Nxe4 17. Bxe4 Bd7 18. Bc3 Qc7 19. Rb2 f5 20. Bg2 Rxb2 21. Qxb2 Bg5 22. f4 exf4 23. exf4 {1-0 (45) Hefka,V (2574)-Toro Solis de Ovando,G (2636) ICCF corr 2003}) 15. h3 {LiveBook: 3 Partien} (15. Na4 $16) 15... h4 16. g4 $1 Nh7 {Weiß steht etwas besser.} 17. Nd1 $146 ({Vorgänger:} 17. Kh2 f5 18. gxf5 gxf5 19. Rg1 Kh8 20. Nd1 Bd7 {½-½ (53) Irzhanov,T (2274)-Alvarez,R (2527) Chessfriend.com 2004}) 17... f5 18. Ne3 Bh6 19. Bc3 Rxb1 20. Rxb1 Bxe3 21. fxe3 Nb7 22. Nf3 e4 23. Nh2 Qg5 24. Qd2 (24. gxf5 $14 gxf5 25. Kh1) 24... Nd8 $17 {[%cal Rf5g4]} 25. gxf5 gxf5 ({Lieber} 25... Bxf5 $17 26. Kh1 Nf6) 26. Kh1 $11 {Und Tg1 würde nun gewinnen.} Kf7 27. Rf1 (27. Qe1 $11) 27... Ke7 28. Qe1 Nf6 29. Bxf6+ (29. Qf2 $1 $15) 29... Rxf6 $19 30. Rf4 Nf7 31. Rxh4 Qxe3 32. Nf1 Qd4 (32... Qg5 $1 $17 33. Rh7 Rh6 34. Rxh6 Qxh6) 33. Ng3 $1 $15 {[%cal Rg3e4]} Qb2 ({Nicht} 33... Qxc4 34. Nxe4 $1 {[%mdl 512]} fxe4 35. Rxe4+ Qxe4 36. Bxe4 $16) 34. Nh5 {[#]} (34. Rh7 $15) 34... Rg6 $1 $17 35. Nf4 Rg7 36. Rh5 Bd7 ({Und nicht} 36... Qxa2 37. Qh4+ Ke8 {[#]} 38. Rh8+ $1 {[%mdl 512]} Nxh8 39. Qxh8+ Kf7 40. Qxc8 $16) 37. a3 $2 (37. Bf1 $17) 37... Qxa3 $19 38. Qh4+ Ke8 39. Kh2 {Droht stark Se6.} Qc3 40. Rh7 $2 (40. Qf2) 40... a5 {[%cal Ba6a5,Ba5a4,Ba4a3,Ba3a2][%mdl 32] Schwarz steht klar auf Gewinn.} 41. e3 a4 42. Qh5 Rxh7 43. Qxh7 Qh8 44. Qg6 a3 45. Ne6 a2 {Precision: Weiß = 27%, Schwarz = 72%.} 0-1